000 01053nam a2200289 i 4500
001 bg
100 1 _aGORZELAK, Grażyna
245 1 0 _aPrzewodnik do technologii betonów i zapraw /
_cGrażyna Gorzelak, Jacek Halbiniak, Bogdan Langier ; Politechnika Częstochowska. Wydział Budownictwa.
260 _aCzęstochowa :
_bWydawnictwa PC,
_c2005.
300 _a148, [2] s. :
_bil. ;
_c24 cm.
490 1 _aSkrypty Politechniki Częstochowskiej,
_x1234-9909 ;
_v52
504 _aBibliogr.
650 9 _aBeton
_xtechnologia
655 _aPodręczniki akademickie
700 1 _aHALBINIAK, Jacek
700 1 _aLANGIER, Bogdan
710 0 _aPolitechnika Częstochowska
_bWydział Budownictwa
830 _aSkrypty Politechniki Częstochowskiej,
_x1234-9909 ;
020 _a8371932898
040 _cBPK
041 0 _apol
080 _a666.97/.98(075.8)
920 _a83-7193-289-8
942 _cKS
008 s pl f |000 0 pol
999 _c51288
_d51288
856 _uhttp://koha.tu.koszalin.pl/cgi-bin/koha/opac-detail.pl?biblionumber=51288
_yKatalog online BPK